| 000 | 00422 a2200169 4500 | ||
|---|---|---|---|
| 003 | Nust | ||
| 005 | 20170207153538.0 | ||
| 040 | _cNust | ||
| 082 | _a005.1 | ||
| 100 | _aAbbas,NC Tahir BESE-12 | ||
| 245 |
_aSpam Wall (Hard / Soft-copy) _cNc Tahir Abbas and PC Naveed Khalid BESE-12 |
||
| 260 |
_bMCS _cJuly, 2010 |
||
| 300 | _a69:p | ||
| 538 | _aAlmirah No 71 Shelf No 6 | ||
| 650 | _aUG Projects | ||
| 651 | _aUG CS Projects | ||
| 942 | _cTHS | ||
| 999 |
_c188287 _d188287 |
||